00958 a2200205 4500020001500000040001300015082001400028100002200042245004100064260004100105300002900146440003800175650002400213856008200237856009100319942002300410999001500433952015200448952015200600 a0849385814 aDLCbDLC00a621.310421 aGross, Charles A.10aElectric machines cCharles A. Gross aBoca Raton, FL :bCRC Press,cc2007. a450 p. :bill. ;c27 cm. 0aElectric power engineering series 0aElectric machinery.413Table of contents onlyuhttp://www.loc.gov/catdir/toc/ecip066/2006000146.html413Publisher descriptionuhttp://www.loc.gov/catdir/enhancements/fy0654/2006000146-d.html cBKk621.310422ddc c7922d7922 00102ddc4070aCLbCLcGENd2007-02-26eA & J Def Tek Concultantsg5092.01l5o621.31042 GROpSEECS008182r2021-09-03s2019-09-04w2017-01-05yBK 00102ddc4070aCLbCLcGENd2007-09-15eA & J Def Tek Concultantsg5068.97l4o621.31042 GROpSEECS008592r2019-12-20s2019-12-05w2017-01-05yBK